01093nam a22002297a 4500008004100000020001800041022000600059040002100065041001300086082001400099100002400113245006200137250002300199260004900222300002900271505021900300520032200519521001300841650000300854650000300857650000300860220707s2006 ar ||||jr|||| 00| f spa d a9789504915607 2. aCO-JMCRdCO-JMCR1 aspaheng04aJ-NbMORs1 aMorris, Tom eautor13aSi Harry Potter dirigiera general electric / cTom Morris aPrimera edición  aBuenos Aires, Argentina : bPlaneta, c2006. a265 páginas ; c23 cm.0 aAlbus dumbledore, director ejecutivo. -- El valiente Harry Potter, -- La ética de los magos. -- Verdad y mentiras en Hogwarts. -- La alquimia del liderazgo. -- La sabiduría de los magos. -- Felicidad y sentido.0 aEn su nuevo libro, Tom Morris-autor de Si Aristóteles dirigiera General Motors-revela cómo los secretos, la sabiduría y la ética del liderazgo, presentes en el universo mágico de Harry Potter, pueden llevar al éxito tanto en los negocios como en lo profesional y la vida cotidiana sin sacrificar lo moral.0 aJuvenil.142424